Guess which are Genshin Impact Characters - Statistics

General Stats
  • This quiz has been taken 105 times
  • The average score is 12 of 15
Answers on the Grid
Answers color-coded by a green-red scale on the quiz's grid according to % correct below.
Venti
Zhongli
Flint
Elysia
Yae Miko
Mika
Liliya
Hu Tao
Kaveh
Aventurine
childaglia
Black Swan
Cloud Retainor
Xueyi
Noelle
chongyun
Kirara
llama
Archer
Amber
Phainon
Aino
Sayu
Saber
Klee
Diona
 
Answer Stats
Answer % Correct
Venti
93%
Zhongli
90%
Yae Miko
88%
Hu Tao
84%
Amber
81%
Klee
79%
Mika
79%
Noelle
79%
Kirara
78%
Diona
76%
Kaveh
76%
Aino
74%
Sayu
74%
chongyun
72%
Cloud Retainor
65%
No matching quizzes found
Score Distribution
Percent of People with Each Score
Percentile by Number Answered
Your Score History
You have not taken this quiz